Composition de l'équipe de France - Finale 1987 RUGBY - Statistiques

Statistiques générales
  • Ce quiz a été pris 15 fois
  • Le résultat moyen est 10 sur 16
Statistiques - réponses
Numéro Joueur % Correct
15 Serge Blanco
100%
12 Philippe Sella
82%
2 (cap.) Daniel Dubroca
64%
Entraîneur Jacques Fouroux
64%
8 Laurent Rodriguez
64%
11 Patrice Lagisquet
64%
9 Pierre Berbizier
64%
4 Alain Lorieux
55%
13 Denis Charvet
55%
14 Didier Camberabero
55%
10 Franck Mesnel
55%
5 Jean Condom
55%
3 Jean-Pierre Garuet
55%
7 Dominique Erbani
45%
6 Éric Champ
45%
1 Pascal Ondarts
45%
Aucun quiz correspondant
Distribution des résultats
% des personnes avec chaque résultat
Percentile par nombre de réponses
Votre historique - résultats
Vous n’avez pas pris ce quiz